| 000 | 00852nam a2200289Ia 4500 | ||
|---|---|---|---|
| 008 | 170203s9999 xx 000 0 und d | ||
| 020 | _a2-894503261 | ||
| 050 | _aFic | ||
| 050 | _bS511c | ||
| 100 | _aJohnson, Marion, 1949. | ||
| 245 | _aCaillou watches Rosie / | ||
| 245 | _cadaptation from the animated series, Marion Johnson ; illustrations, CINAR Animation ; and adapted by Éric Sévigny. | ||
| 260 | _aMontreal : | ||
| 260 | _bChouette, | ||
| 300 | _a24 unnumbered pages : | ||
| 300 | _bcolor illustrations ; | ||
| 300 | _c24 x 27 cm | ||
| 650 | _aBabysitting -- | ||
| 650 | _aBrothers and sisters -- | ||
| 650 | _aBrothers and sisters -- | ||
| 650 | _aFiction | ||
| 650 | _aPicture books. | ||
| 650 | _xBabysitting -- | ||
| 650 | _xFiction. | ||
| 650 | _xJuvenile literature. | ||
| 650 | _xJuvenile literature. | ||
| 999 |
_c306317 _d306317 |
||